000 00587nmm a2200169Ia 4500
008 251105s9999||||xx |||||||||||||||||und||
020 _a9788484891017
041 _aspa
100 _aSchmidt-Welle, Friedhelm (ed.)
245 0 _aFicciones y silencios fundacionales :
_b Literaturas y culturas poscoloniales en América Latina (siglo XIX)
264 _a[Madrid, España] :
_bIberoamericana Vervuert,
_c2003
300 _a418 páginas
490 _aNexos y diferencias
650 _aLatin American literature
856 _uhttps://public.digitaliapublishing.com/a/17721
942 _cCF
999 _c86509
_d86509